| 000 | 00436pab a2200145 454500 | ||
|---|---|---|---|
| 008 | 180718b2005 xxu||||| |||| 00| 0 eng d | ||
| 100 | _aMiller, Geralyn M. | ||
| 245 | _aFostering better public management through education: a call for institutional reconsideration of the tenure criteria | ||
| 260 | _c2005 | ||
| 300 | _ap.47-50. | ||
| 362 | _aSummer | ||
| 650 | _aPublic administration | ||
| 773 | _aPublic Manager | ||
| 909 | _a67689 | ||
| 999 |
_c67689 _d67689 |
||